|
|
|
|
| LEADER |
00000nam a22000004a 4500 |
| 001 |
AR-BbUGT1317 |
| 003 |
AR-BbUGT |
| 005 |
20181220001534.0 |
| 007 |
ta |
| 008 |
061101t1976 |||a |0|||0| d |
| 020 |
|
|
|a 84-276-0350-9
|
| 040 |
|
|
|a AR-BbUGT
|b spa
|c AR-BbUGT
|
| 082 |
0 |
4 |
|a 144
|
| 100 |
1 |
|
|a Herrera, Juan De.
|
| 245 |
1 |
0 |
|a Discurso del señor Juan de Herrera, aposentador Mayor de S.M. sobre la figura cúbica /
|c Juan de Herrera.
|
| 260 |
|
|
|a Madrid :
|b Editora Nacional,
|c 1976.
|
| 300 |
|
|
|a 508 p. :
|b il.
|
| 490 |
1 |
|
|a Biblioteca de visionarios heterodoxos y marginados ;
|v no. 12
|
| 653 |
|
|
|a Discurso
|
| 653 |
|
|
|a Figura Cubica
|
| 830 |
|
0 |
|a Biblioteca de visionarios heterodoxos y marginados ;
|v no. 12
|
| 942 |
|
|
|c BK
|h 144
|i H434
|m D
|2 ddc
|6 144_000000000000000_H434
|
| 999 |
|
|
|c 9152
|d 9152
|